| 000 | 01443nam a2200433 i 4500 | ||
|---|---|---|---|
| 001 | 4438 | ||
| 003 | KOSZ 005 | ||
| 005 | 20221121132050.0 | ||
| 008 | 981118s1985 pl a f f |000 0 pol | ||
| 015 | _aPB 1985/9345 | ||
| 020 | _a8320406862 | ||
| 040 |
_aWA N _cWA N _dKOSZ 005/HR |
||
| 041 | 0 | _apol | |
| 046 | _k1985 | ||
| 080 | _a537.8 | ||
| 080 | _a(075.8) | ||
| 100 | 1 |
_aMorawski, Tadeusz _d(1940- ) _eAutor |
|
| 245 | 1 | 0 |
_aTeoria pola elektromagnetycznego / _cTadeusz Morawski, Wojciech Gwarek. |
| 250 | _aWyd. 2. | ||
| 260 |
_aWarszawa : _bWydawnictwa Naukowo-Techniczne, _c1985. |
||
| 300 |
_a298, [2] s. : _brys. ; _c24 cm. |
||
| 336 |
_2rdacontent _aTekst _btxt |
||
| 337 |
_2rdamedia _aBez urządzenia pośredniczącego _bn |
||
| 338 |
_2rdacarrier _aWolumin _bnc |
||
| 380 | _aKsiążki | ||
| 388 | _a1901-2000 | ||
| 388 | _a1945-1989 | ||
| 490 | 1 | _aPodręczniki Akademickie. Elektronika, Informatyka, Telekomunikacja. | |
| 504 | _aBibliogr. s. 294-294. | ||
| 650 | 4 | _aPole elektromagnetyczne | |
| 650 | 4 | _aTeoria pola | |
| 655 | 4 | _aPodręczniki akademickie | |
| 658 | _aFizyka i astronomia | ||
| 700 | 1 |
_aGwarek, Wojciech _eAutor |
|
| 710 | 2 |
_aWydawnictwa Naukowo-Techniczne _4pbl. |
|
| 830 | 0 |
_aPodręczniki Akademickie _pEIT |
|
| 856 |
_uhttp://koha.tu.koszalin.pl/cgi-bin/koha/opac-detail.pl?biblionumber=4438 _yKatalog online BPK |
||
| 942 |
_2UKD _cKS |
||
| 999 |
_c4438 _d4438 |
||